Business and the natural environment (Record no. 77867)

MARC details
000 -LEADER
fixed length control field 00926nam a2200205 a 4500
008 - FIXED-LENGTH DATA ELEMENTS--GENERAL INFORMATION
fixed length control field 120416s1997 ||||||||||||||||| || u
020 ## - INTERNATIONAL STANDARD BOOK NUMBER
International Standard Book Number 075062051X
050 ## - LIBRARY OF CONGRESS CALL NUMBER
Classification number HD 75.6 Bus
100 ## - MAIN ENTRY--PERSONAL NAME
Personal name Bansal, Pratima
245 10 - TITLE STATEMENT
Title Business and the natural environment
Statement of responsibility, etc. edited by Pratima Bansal and Elizabeth Howard
260 ## - PUBLICATION, DISTRIBUTION, ETC.
Place of publication, distribution, etc. Oxford:
Name of publisher, distributor, etc. Butterworth-Heinemann
Date of publication, distribution, etc. 1997
300 ## - PHYSICAL DESCRIPTION
Extent x, 278p. : ill.
350 ## -
-- 0.00
650 ## - SUBJECT ADDED ENTRY--TOPICAL TERM
Topical term or geographic name entry element ENVIRONMENTAL RESPONSIBILITY
650 ## - SUBJECT ADDED ENTRY--TOPICAL TERM
Topical term or geographic name entry element INDUSTRIAL MANAGEMENT--EUROPE--ENVIRONMENTAL ASPECTS
650 #0 - SUBJECT ADDED ENTRY--TOPICAL TERM
Topical term or geographic name entry element BUSINESS
700 ## - ADDED ENTRY--PERSONAL NAME
Personal name Howard, Elizabeth
995 ## -
-- MAIN LIBRARY OPEN ACCESS
-- 0.00
-- 730222
-- CBU-MAIN LIBRARY (Kitwe)
-- 1
-- 0.00
-- HD 75.6 Bus
-- 1
-- AVAILABLE
-- Jun 28, 2006
-- 027228
-- Main Library Open Access Collection
995 ## -
-- MAIN LIBRARY OPEN ACCESS
-- 0.00
-- 741130
-- CBU-MAIN LIBRARY (Kitwe)
-- 1
-- 0.00
-- HD 75.6 BUS
-- 3
-- AVAILABLE
-- Mar 30, 2010
-- 741130
-- Main Library Open Access Collection
999 ## -
-- 77867
-- 77867
Holdings
Withdrawn status Lost status Source of classification or shelving scheme Damaged status Not for loan Permanent Location Current Location Shelving location Date acquired Total Checkouts Full call number Barcode Date last seen Copy number Price effective from Koha item type
          CBU-MAIN LIBRARY, KITWE. CBU-MAIN LIBRARY, KITWE.   05/03/2023   HD 75.6 Bus 027228 05/03/2023 1 05/03/2023 MONOGRAPH
          CBU-MAIN LIBRARY, KITWE. CBU-MAIN LIBRARY, KITWE.   05/03/2023   HD 75.6 Bus 741130 05/03/2023 2 05/03/2023 MONOGRAPH